| 000 | 00943nam a2200217 i 4500 | ||
|---|---|---|---|
| 001 | 152110 | ||
| 003 | ES-MaACL | ||
| 005 | 20250808011058.0 | ||
| 008 | 051018s1866 fr a | |||||||| ||fre d | ||
| 040 |
_aCAM _bspa _cCAM |
||
| 100 | 1 |
_aBichat, Marie François Xavier. _928773 |
|
| 245 | 1 | 3 |
_aRecherches physiologiques sur la vie et la mort / _cpar F.-X. Bichat. |
| 250 | _aNouvelle éd. ornée d'une vignette sur acier, précédée d'une notice sur la vie et les travaux de Bichat et suivie de notes par le docteur Cerise. | ||
| 260 |
_aParis : _bVictor Masson et fils, _c1866 ( _eCorbeil : _fImp. et stér. de Crété) |
||
| 300 |
_aXXXII, 382 p., [1] h. de lám. ; _c18 cm. |
||
| 599 | _aLa h. de lám. representa a Bichat con un niño: "A. Salmon imp." | ||
| 650 | 7 |
_aVida (Biología) _2embne _9136981 |
|
| 650 | 7 |
_aMuerte (Biología) _2embne _9136554 |
|
| 852 |
_aES-MaACL _jG-9689 _z-- Enc. hol. |
||
| 999 |
_c152110 _d152110 |
||